Propuesta de reordenamiento para el desarrollo turístico sustentable en la comunidad de San José del Sur, Altagracia, Isla de Ometepe

Presenta una propuesta de reordenamiento para el desarrollo turístico en base a una caracterización general de la comunidad en cuanto a su ubicación dentro de la isla de Ometepe, factores ambientales y otros aspectos relevantes.

Bibliographic Details
Main Authors: Cruz Alfaro, Andrea Nazareth, Lorente Callado, Bismarck Antonio
Other Authors: Tutor: Gómez Ortega, Graciela Dionides
Format: Tesis Section = Libro
Language:Undetermined
Spanish
Published: Managua UNI 2013
Subjects:
LEADER 01119nam a2200265Ia 4500
008 240830s9999 xx 000 0 und d
040 |a BIBLIOTECA-RUSB/ T.Mon 307.1412 C957 
041 |a spa 
082 |a T.Mon 307.1412 C957 
100 1 |a Cruz Alfaro, Andrea Nazareth 
100 1 |b Lorente Callado, Bismarck Antonio 
245 1 0 |a Propuesta de reordenamiento para el desarrollo turístico sustentable en la comunidad de San José del Sur, Altagracia, Isla de Ometepe 
260 |a Managua  |b UNI  |c 2013 
300 |a 133 p. :il. 
500 |a Contiene: anexos. 
502 |a Tesis (Arquitecto) - UNI, 2013. 
520 3 |a Presenta una propuesta de reordenamiento para el desarrollo turístico en base a una caracterización general de la comunidad en cuanto a su ubicación dentro de la isla de Ometepe, factores ambientales y otros aspectos relevantes. 
650 7 |a USO DE LA TIERRA RURAL 
650 7 |b  DESARROLLO RURAL 
650 7 |c  PLANIFICACION RURAL 
650 7 |d  DESARROLLO DE LA COMUNIDAD RURAL 
700 1 |a Tutor:  |b Gómez Ortega, Graciela Dionides 
942 |c BK  |2 ddc 
991 |a TESIS 
999 |c 21653